Normal view MARC view

Entry Personal Name

Number of records used in: 1

001 - CONTROL NUMBER

  • control field: 1696

003 - CONTROL NUMBER IDENTIFIER

  • control field: csc

005 - DATE AND TIME OF LATEST TRANSACTION

  • control field: 20140507162102.0

008 - FIXED-LENGTH DATA ELEMENTS

  • fixed length control field: 140221|| aca||aabn | a|a d

040 ## - CATALOGING SOURCE

  • Original cataloging agency: csc
  • Transcribing agency: csc

100 ## - HEADING--PERSONAL NAME

  • Personal name: Johns, W. E.
  • Fuller form of name: (William Earl),
  • Dates associated with a name: 1893-1968.

670 ## - SOURCE DATA FOUND

  • Source citation: Work cat.: (csc)0: Johns, W. E. (William Earl), 1893-1968., Biggles learns to fly /, 1992, c1935.